000
00301nam a22001337a 4500
008
181024b xxu||||| |||| 00| 0 eng d
020
_a
9780312538774
041
_a
eng
080
_2
4 ed
_a
370
100
_a
37
101
_a
edu
245
_a
The Everryday Writers
_c
Andrea.A.AL
942
_2
udc
_c
BK
999
_c
50874
_d
50874